Readings in Propaganda and Persuasion : (Record no. 608698)

MARC details
000 -LEADER
fixed length control field 00517nam a2200193 a 4500
008 - FIXED-LENGTH DATA ELEMENTS--GENERAL INFORMATION
fixed length control field 260120s2006##################000#0#eng##
020 ## - INTERNATIONAL STANDARD BOOK NUMBER
ISBN 9781412909006
082 04 - DEWEY DECIMAL CLASSIFICATION NUMBER
Classification number 303.375
Item number JOW
100 1# - MAIN ENTRY--AUTHOR NAME
Personal name Jowett, Garth S.,
245 10 - TITLE STATEMENT
Title Readings in Propaganda and Persuasion :
260 ## - PUBLICATION, DISTRIBUTION, ETC. (IMPRINT)
Name of publisher SAGE,
Year of publication 2006.
300 ## - PHYSICAL DESCRIPTION
Number of Pages 305 pages
650 #0 - SUBJECT ADDED ENTRY--TOPICAL TERM
Topical Term Language Arts & Disciplines.
942 ## - ADDED ENTRY ELEMENTS (KOHA)
Koha item type English Books
Holdings
Withdrawn status Lost status Damaged status Not for loan Home library Current library Shelving location Date acquired Full call number Accession Number Price effective from Koha item type
        Anna Centenary Library Anna Centenary Library 3RD FLOOR, B WING 20.01.2026 303.375 JOW 160609 20.01.2026 English Books

Find us on the map